[Event "IECC M email"]
[Site "IECC email"]
[Date "2000.01.23"]
[Round "?"]
[White "Roestenburg, Edwin"]
[Black "Finch, Ian"]
[Result "1-0"]
[WhiteElo "1094"]
[BlackElo "1101"]
[PlyCount "49"]
[EventDate "2000.??.??"]
[EventType "tourn (corr)"]
[EventRounds "2"]
[SourceTitle "Corr 2008"]
[Source "ChessBase"]
[SourceDate "2008.06.24"]
[SourceVersion "1"]
[SourceVersionDate "2008.06.24"]
[SourceQuality "1"]

1. d4 f5 2. Nc3 Nf6 3. Bg5 g6 4. Bxf6 exf6 5. e3 a6 6. Bc4 b5 7. Bd5 c6 8. Bb3 d5 9. Qd3 Bd6 10. Nf3 0-0 11. Nxd5 Kg7 12. Nc3 Nd7 13. 0-0 Re8 14. Ne2 Bb7 15. c4 c5 16. d5 Ne5 17. Nxe5 Bxe5 18. cxb5 axb5 19. Qd2 c4 20. f4 Bc7 21. Bc2 Ba5 22. b4 cxb3 23. Qd3 bxc2 24. Qxc2 Qxd5 25. Rf3 1-0

[Event "IECC M email"]
[Site "IECC email"]
[Date "1998.11.15"]
[Round "?"]
[White "Daniels, Clyde"]
[Black "Roestenburg, Edwin"]
[Result "0-1"]
[WhiteElo "1000"]
[BlackElo "1010"]
[PlyCount "36"]
[EventDate "1998.??.??"]
[EventType "tourn (corr)"]
[EventRounds "12"]
[SourceTitle "Corr 2008"]
[Source "ChessBase"]
[SourceDate "2008.06.24"]
[SourceVersion "1"]
[SourceVersionDate "2008.06.24"]
[SourceQuality "1"]

1. e3 e5 2. b3 d5 3. Bb2 Nc6 4. Bxe5 Nxe5 5. d4 Nc6 6. h3 Nf6 7. a3 Ne4 8. Qf3 Qf6 9. Qe2 Bd6 10. Nf3 Ne7 11. Qd3 0-0 12. Nc3 Bf5 13. Nxe4 dxe4 14. Qd1 exf3 15. g3 Be4 16. Qd2 Nf5 17. Rg1 c5 18. d5 Qxa1+ 0-1

[Event "IECC M email"]
[Site "IECC email"]
[Date "1998.11.10"]
[Round "?"]
[White "Roestenburg, Edwin"]
[Black "Daniels, Clyde"]
[Result "1-0"]
[WhiteElo "1026"]
[BlackElo "984"]
[PlyCount "133"]
[EventDate "1998.??.??"]
[EventType "tourn (corr)"]
[EventRounds "12"]
[SourceTitle "Corr 2008"]
[Source "ChessBase"]
[SourceDate "2008.06.24"]
[SourceVersion "1"]
[SourceVersionDate "2008.06.24"]
[SourceQuality "1"]

1. d4 d5 2. Nc3 Nf6 3. Bf4 Nc6 4. Nf3 Ng4 5. e3 e5 6. dxe5 Nb4 7. a3 Nc6 8. Nxd5 Bf5 9. e6 Bd6 10. exf7+ Kxf7 11. Ng5+ Kg6 12. h4 h5 13. Bxd6 Qxd6 14. e4 Bd7 15. f4 Rhf8 16. b4 Ne7 17. Bd3 Kh6 18. Nxe7 Qxe7 19. Qd2 g6 20. 0-0-0 Qf6 21. e5 Qxf4 22. Qxf4 Rxf4 23. Rhf1 Raf8 24. Rxf4 Rxf4 25. e6 Be8 26. e7 Rd4 27. Be2 Rxd1+ 28. Bxd1 Ne3 29. Bf3 c6 30. Ne6 Nf5 31. Nc7 Nd6 32. b5 Bd7 33. c4 Kg7 34. c5 Ne8 35. bxc6 bxc6 36. Nxe8+ Bxe8 37. Kd2 Kf6 38. Kd3 Kxe7 39. Ke4 Ke6 40. Be2 Kf6 41. g4 g5 42. hxg5+ Kxg5 43. gxh5 Bf7 44. Ke5 Bd5 45. Kd6 Be4 46. Kc7 a5 47. Kb6 a4 48. Bd1 Bg2 49. Bxa4 Kxh5 50. Bxc6 Bh3 51. a4 Kg6 52. a5 Bc8 53. a6 Bxa6 54. Kxa6 Kf7 55. Kb7 Ke7 56. Kc7 Ke6 57. Bd7+ Kd5 58. c6 Kc5 59. Kd8 Kd6 60. c7 Kd5 61. c8Q Kd6 62. Qc4 Ke5 63. Bc6 Kf5 64. Qe4+ Kf6 65. Be8 Kg5 66. Ke7 Kh6 67. Qg6# 1-0

[Event "IECC M email"]
[Site "IECC email"]
[Date "1998.07.25"]
[Round "?"]
[White "Roestenburg, Edwin"]
[Black "Fantoni, Franco"]
[Result "0-1"]
[WhiteElo "1020"]
[BlackElo "1167"]
[PlyCount "70"]
[EventDate "1998.??.??"]
[EventType "tourn (corr)"]
[EventRounds "12"]
[SourceTitle "Corr 2008"]
[Source "ChessBase"]
[SourceDate "2008.06.24"]
[SourceVersion "1"]
[SourceVersionDate "2008.06.24"]
[SourceQuality "1"]

1. d4 d5 2. c4 dxc4 3. Qa4+ Nc6 4. e3 Bd7 5. Qxc4 Nf6 6. Nf3 e6 7. Nbd2 Na5 8. Qc2 Rc8 9. Nc4 Nxc4 10. Bxc4 c5 11. 0-0 cxd4 12. Nxd4 e5 13. Nf3 Qc7 14. b3 b5 15. Bxf7+ Kxf7 16. Qxc7 Rxc7 17. Nxe5+ Ke6 18. Bb2 Rc2 19. Bd4 Ba3 20. Rad1 Rd8 21. Nd3 Rxa2 22. Bxa7 Ra8 23. Bc5 Kf7 24. Ra1 Bxc5 25. Rxa2 Rxa2 26. Nxc5 Rc2 27. Nxd7 Nxd7 28. Rd1 Nc5 29. h4 Nxb3 30. Kf1 Nd2+ 31. Ke1 Nc4 32. Rb1 Nb2 33. g4 b4 34. f4 Rh2 35. Rc1 Nd3+ 0-1

[Event "IECC M email"]
[Site "IECC email"]
[Date "1998.06.12"]
[Round "?"]
[White "City, Hank"]
[Black "Roestenburg, Edwin"]
[Result "0-1"]
[WhiteElo "1227"]
[BlackElo "1017"]
[PlyCount "34"]
[EventDate "1998.??.??"]
[EventType "tourn (corr)"]
[EventRounds "12"]
[SourceTitle "Corr 2008"]
[Source "ChessBase"]
[SourceDate "2008.06.24"]
[SourceVersion "1"]
[SourceVersionDate "2008.06.24"]
[SourceQuality "1"]

1. d4 c5 2. d5 d6 3. c4 Bf5 4. Nc3 Nf6 5. Bg5 Ne4 6. Nxe4 Bxe4 7. f3 Bf5 8. e4 h6 9. Bh4 Qa5+ 10. Kf2 g5 11. Bg3 Bd7 12. a3 Bg7 13. Rb1 Ba4 14. b3 Qc3 15. Ne2 Bd4+ 16. Nxd4 cxd4 17. bxa4 Qe3# 0-1

[Event "IECC M email"]
[Site "IECC email"]
[Date "1998.06.12"]
[Round "?"]
[White "Roestenburg, Edwin"]
[Black "City, Hank"]
[Result "0-1"]
[WhiteElo "1042"]
[BlackElo "1144"]
[PlyCount "84"]
[EventDate "1998.??.??"]
[EventType "tourn (corr)"]
[EventRounds "12"]
[SourceTitle "Corr 2008"]
[Source "ChessBase"]
[SourceDate "2008.06.24"]
[SourceVersion "1"]
[SourceVersionDate "2008.06.24"]
[SourceQuality "1"]

1. e4 c5 2. Nc3 Nc6 3. Nf3 e5 4. Bc4 Nf6 5. Ng5 Qe7 6. Bxf7+ Kd8 7. Bc4 Ke8 8. Nf7 Rg8 9. Nb5 d5 10. Bxd5 Be6 11. Bxe6 a6 12. Nfd6+ Kd8 13. Bxg8 Nxg8 14. d3 axb5 15. Nxb5 h6 16. c3 Nf6 17. Be3 g5 18. h3 Bg7 19. a3 b6 20. d4 exd4 21. cxd4 c4 22. d5 Ne5 23. Bxb6+ Kc8 24. Qc2 Rb8 25. Bc7 Nd3+ 26. Kf1 Rxb5 27. Qxc4 Rc5 28. Qa6+ Kxc7 29. d6+ Qxd6 30. Qxd6+ Kxd6 31. Rd1 Ke5 32. Ke2 Nf4+ 33. Kf3 Rc2 34. g3 Ne6 35. h4 g4+ 36. Ke3 Nxe4 37. f4+ gxf3 38. Kxf3 Rf2+ 39. Ke3 Rxb2 40. Rhe1 h5 41. Kf3 Rf2+ 42. Ke3 N6c5 0-1